00470nam a2200109Ia 4500008004100000050002300041100002800064245013700092260008600229300003300315521001200348140724s9999 xx 000 0 und d aRA 776b.B219 2012 aBañares, Charmaine C. aSmoking habits and emotional wellness of Nursing students in Southville International School and Colleges /cCharmaine C. Bañares. aLas Piñas, Philippines :bSouthville International School and Colleges,cc2012. a61 p. :bcol. ill. ;c28 cm. aNursing